| 000 | 00885nam a2200265 a 4500 | ||
|---|---|---|---|
| 001 | vtls001413798 | ||
| 003 | NLI | ||
| 005 | 20210627110136.0 | ||
| 008 | 121127s1996 ii s000 0 eng | ||
| 020 | _cRs. 55.00 | ||
| 039 | 9 |
_y201211272132 _zVLOAD |
|
| 040 | 0 |
_aNLI _beng _cEntertech IOD - 2013 _eAACR2 |
|
| 041 | 0 | _aeng | |
| 044 | _aii | ||
| 082 | _a622.009(54) | ||
| 110 | 2 |
_aNagpur (India) _bMinistry of Mines, Indian Bureau of Mines, Mining and Mineral Statistics Division _9953649 |
|
| 245 | 1 | 0 |
_aReview of mineral production : _b1994-1995 / _cMining and Mineral Statistics Division, Indian Bureau of Mines, Ministry of Mines, Nagpur (India) |
| 260 |
_aNagpur : _bAuthor, _c1996 |
||
| 300 |
_a70 p. ; _c20 cm. |
||
| 887 | _a | ||
| 901 |
_a131444 _b06.12.1999 |
||
| 902 | _aG. P. 622.009(54) In 2 (1994-1995) | ||
| 990 | _eS. Sahana (B-2914/10) | ||
| 942 |
_2ddc _cBKS |
||
| 999 |
_c837814 _d837814 |
||